000 00458nam a2200181Ia 4500
008 240925s9999 xx 000 0 und d
020 _a9789693512267
082 _a891.4397 REH
100 _aRehman, Shafiq -ur-
245 0 _aPachtaway
250 _aNA
260 _aLahore:
_bSang-e-Meel
_c,2008.
300 _axvii, 713p.
_b0
_fOriginal
500 _aIncludes Content
600 _aHumanities & Natural Science
650 _aLiterature
942 _cBK
999 _c14345
_d14345